Átadták a vörös vándorzászlót a Csongrád megyei Állatforgalmi és Húsipari Vállalat kitüntetése /
Elmentve itt :
| Szerző: | |
|---|---|
| Dokumentumtípus: | Cikk |
| Megjelent: |
1972-04-23
|
| Sorozat: | Délmagyarország
62 No. 95 |
| Kulcsszavak: | Apró Antal, Győri Imre, Komócsin Mihály, Biczó György, Varga Dezső, Soós Gábor, Kökény István, Piros László, Juhász István, Miklós József, Németh Péter, Kovács Ida, Gárdián Ferencné, Nyéki Józsefné, Kitüntetés Vörös vándorzászló 1972, Kitüntetés Kiváló Vállalat 1972, Kitüntetés Szocialista munka vállalata 1972, húsipar |
| Online Access: | http://dmarchiv.bibl.u-szeged.hu/65713 |
| LEADER | 00888nab a2200157 i 4500 | ||
|---|---|---|---|
| 001 | delm65713 | ||
| 005 | 20180927151240.0 | ||
| 008 | 180927s1972 hu o 0|| hun d | ||
| 040 | |a SZTE Délmagyarország Archívum |b hun | ||
| 041 | |a hun | ||
| 100 | 1 | |a Somogyi Károlyné | |
| 245 | 1 | 0 | |a Átadták a vörös vándorzászlót |h [elektronikus dokumentum] : |b a Csongrád megyei Állatforgalmi és Húsipari Vállalat kitüntetése / |c Somogyi Károlyné |
| 260 | |c 1972-04-23 | ||
| 300 | |a 1 | ||
| 490 | 0 | |a Délmagyarország |v 62 No. 95 | |
| 695 | |a Apró Antal, Győri Imre, Komócsin Mihály, Biczó György, Varga Dezső, Soós Gábor, Kökény István, Piros László, Juhász István, Miklós József, Németh Péter, Kovács Ida, Gárdián Ferencné, Nyéki Józsefné, Kitüntetés Vörös vándorzászló 1972, Kitüntetés Kiváló Vállalat 1972, Kitüntetés Szocialista munka vállalata 1972, húsipar | ||